[Event "POL-ch blitz"]
[Site "Suwalki"]
[Date "2022.09.24"]
[Round "7"]
[White "Flak, Pawel"]
[Black "Zochowski, Kacper"]
[Result "0-1"]
[WhiteElo "2190"]
[BlackElo "2257"]
[PlyCount "52"]
[EventDate "2022.09.24"]
[EventType "swiss (blitz)"]
[EventRounds "15"]
[EventCountry "POL"]
[SourceTitle "CBM 210 Extra"]
[Source "ChessBase"]
[SourceDate "2022.11.30"]
[SourceVersion "1"]
[SourceVersionDate "2022.11.30"]
[SourceQuality "1"]

1. d4 d6 2. c4 Nd7 3. Bf4 e5 4. Bg3 Ngf6 5. e3 Ne4 6. Bd3 Nxg3 7. hxg3 g6 8. f4 Bg7 9. Nf3 exd4 10. exd4 0-0 11. Nc3 Re8+ 12. Kd2 c5 13. d5 a6 14. Ng5 h6 15. Nge4 Nf6 16. Nxf6+ Qxf6 17. Re1 Bf5 18. Bxf5 Qxf5 19. Qf3 b5 20. g4 Qf6 21. f5 b4 22. Na4 Qd4+ 23. Qd3 Qxg4 24. Rxe8+ Rxe8 25. Qf3 Qd4+ 26. Qd3 Qf2+ 0-1

[Event "POL-ch blitz"]
[Site "Suwalki"]
[Date "2022.09.24"]
[Round "11"]
[White "Nasuta, Grzegorz"]
[Black "Flak, Pawel"]
[Result "1/2-1/2"]
[WhiteElo "2531"]
[BlackElo "2190"]
[PlyCount "77"]
[EventDate "2022.09.24"]
[EventType "swiss (blitz)"]
[EventRounds "15"]
[EventCountry "POL"]
[SourceTitle "CBM 210 Extra"]
[Source "ChessBase"]
[SourceDate "2022.11.30"]
[SourceVersion "1"]
[SourceVersionDate "2022.11.30"]
[SourceQuality "1"]

1. e4 Nf6 2. e5 Nd5 3. d4 d6 4. c4 Nb6 5. f4 dxe5 6. fxe5 Bf5 7. Nc3 e6 8. Nf3 Be7 9. Be3 f6 10. exf6 Bxf6 11. Bd3 0-0 12. 0-0 Nc6 13. Bxf5 exf5 14. b3 Kh8 15. Qd2 Qd7 16. Rae1 Rad8 17. d5 Ne5 18. Nxe5 Bxe5 19. Bxb6 Bxc3 20. Qxc3 axb6 21. Re5 Rde8 22. Rfe1 f4 23. Qf3 Rxe5 24. Rxe5 Qd6 25. Re2 b5 26. Qe4 bxc4 27. bxc4 b5 28. h3 Qc5+ 29. Kh2 bxc4 30. Rc2 c3 31. Qf3 Rd8 32. Rxc3 Qxd5 33. Qxd5 Rxd5 34. Rxc7 g6 35. Rc4 Ra5 36. a4 g5 37. h4 h6 38. hxg5 hxg5 39. Kh3 1/2-1/2

[Event "POL-chT 2nd League"]
[Site "Jastrzebia Gora"]
[Date "2022.09.07"]
[Round "5.75"]
[White "Pomagalski, Marcin"]
[Black "Flak, Pawel"]
[Result "0-1"]
[WhiteElo "1884"]
[BlackElo "2190"]
[PlyCount "92"]
[EventDate "2022.09.03"]
[EventType "team-swiss"]
[EventRounds "9"]
[EventCountry "POL"]
[SourceTitle "CBM 210 Extra"]
[Source "ChessBase"]
[SourceDate "2022.11.30"]
[SourceVersion "1"]
[SourceVersionDate "2022.11.30"]
[SourceQuality "1"]
[WhiteTeam "Skarzysko Kamienna"]
[BlackTeam "Plock Hetman"]
[WhiteTeamCountry "POL"]
[BlackTeamCountry "POL"]

1. e4 Nf6 2. e5 Nd5 3. c4 Nb6 4. d4 d6 5. exd6 exd6 6. Nf3 Be7 7. Nc3 0-0 8. Be2 Bg4 9. Be3 c6 10. b3 Re8 11. 0-0 d5 12. c5 N6d7 13. b4 Bf6 14. h3 Bxf3 15. Bxf3 Nf8 16. Qd2 Ne6 17. g3 Nd7 18. Bg2 g6 19. f4 Ng7 20. g4 b5 21. a4 a5 22. bxa5 b4 23. Na2 Qxa5 24. Bf2 Reb8 25. g5 Bd8 26. Nc1 b3 27. Qb2 Qb4 28. Be1 Qc4 29. a5 Nf5 30. Bc3 Ne3 31. Re1 Nxg2 32. Kxg2 Nf8 33. Ra3 Bc7 34. Rxb3 Bxf4 35. Rb6 Ne6 36. h4 Bc7 37. Rxb8+ Rxb8 38. Qd2 Nf4+ 39. Kf3 Qa6 40. Rh1 Re8 41. Re1 Re4 42. Qf2 Qc8 43. Qf1 Qf5 44. Rxe4 dxe4+ 45. Kf2 Nd5+ 46. Kg1 Bh2+ 0-1

[Event "Suwalki Warakomska Memorial 6th"]
[Site "Suwalki"]
[Date "2022.08.05"]
[Round "4"]
[White "Dziewonski, Dariusz"]
[Black "Flak, Pawel"]
[Result "1/2-1/2"]
[WhiteElo "2077"]
[BlackElo "2170"]
[PlyCount "36"]
[EventDate "2022.08.03"]
[EventType "swiss"]
[EventRounds "9"]
[EventCountry "POL"]
[SourceTitle "CBM 209 Extra"]
[Source "ChessBase"]
[SourceDate "2022.09.30"]
[SourceVersion "1"]
[SourceVersionDate "2022.09.30"]
[SourceQuality "1"]

1. e4 Nf6 2. e5 Nd5 3. d4 d6 4. c4 Nb6 5. exd6 cxd6 6. Nc3 g6 7. Be3 Bg7 8. Nf3 0-0 9. Be2 h6 10. 0-0 e5 11. Qd2 Kh7 12. Rfd1 Nc6 13. c5 exd4 14. Nxd4 dxc5 15. Nxc6 Qxd2 16. Rxd2 bxc6 17. Bxc5 Re8 18. Bd4 Be6 1/2-1/2

[Event "Opole Termika Blitz op"]
[Site "Opole"]
[Date "2021.07.18"]
[Round "12"]
[White "Kolosowski, Mateusz"]
[Black "Flak, Pawel"]
[Result "1-0"]
[WhiteElo "2448"]
[BlackElo "2192"]
[PlyCount "71"]
[EventDate "2021.07.18"]
[EventType "swiss (blitz)"]
[EventRounds "13"]
[EventCountry "POL"]
[SourceTitle "CBM 203 Extra"]
[Source "ChessBase"]
[SourceDate "2021.09.30"]
[SourceVersion "1"]
[SourceVersionDate "2021.09.30"]
[SourceQuality "1"]

1. e4 Nf6 2. e5 Nd5 3. d4 d6 4. f4 Bf5 5. Nf3 dxe5 6. fxe5 e6 7. Bd3 Bg4 8. 0-0 Be7 9. Qe1 Bh5 10. Nc3 Nxc3 11. bxc3 c5 12. Rb1 Qc7 13. Ng5 Bxg5 14. Bxg5 Bg6 15. Qh4 Bxd3 16. cxd3 Nc6 17. dxc5 Qxe5 18. d4 Qd5 19. Qg3 f6 20. Rxb7 Nxd4 21. Qc7 Ne2+ 22. Kh1 Qxb7 23. Qxb7 0-0 24. Be3 Nxc3 25. Rc1 Nd5 26. Bg1 Rab8 27. Qd7 Nf4 28. c6 Rbd8 29. Qxa7 Ne2 30. Re1 Nxg1 31. Kxg1 Rd6 32. c7 Rc6 33. Qb7 Rc2 34. Rd1 h6 35. a4 e5 36. Qb3+ 1-0

[Event "Opole Termika Rapid op"]
[Site "Opole"]
[Date "2021.07.17"]
[Round "9"]
[White "Barski, Radoslaw"]
[Black "Flak, Pawel"]
[Result "1-0"]
[WhiteElo "2441"]
[BlackElo "2192"]
[PlyCount "55"]
[EventDate "2021.07.17"]
[EventType "swiss (rapid)"]
[EventRounds "9"]
[EventCountry "POL"]
[SourceTitle "CBM 203 Extra"]
[Source "ChessBase"]
[SourceDate "2021.09.30"]
[SourceVersion "1"]
[SourceVersionDate "2021.09.30"]
[SourceQuality "1"]

1. e4 Nf6 2. e5 Nd5 3. d4 d6 4. Nf3 g6 5. Bc4 c6 6. h3 Bg7 7. 0-0 0-0 8. Qe2 h6 9. Nbd2 Be6 10. Ne4 Qc7 11. Ng3 Nd7 12. Re1 N7b6 13. Bb3 dxe5 14. Nxe5 a5 15. Nxg6 Bxd4 16. Nxf8 Kxf8 17. Bxh6+ Ke8 18. Rad1 Bxb2 19. c4 Bc3 20. cxd5 cxd5 21. Bd2 Bh8 22. Rc1 Qd6 23. a4 Nd7 24. Qh5 Bf6 25. Rxe6 Qxe6 26. Bxd5 Qe5 27. Qxf7+ Kd8 28. Qg8+ 1-0

[Event "Opole Termika Rapid op"]
[Site "Opole"]
[Date "2021.07.17"]
[Round "6"]
[White "Flak, Pawel"]
[Black "Cyborowski, Lukasz"]
[Result "0-1"]
[WhiteElo "2192"]
[BlackElo "2517"]
[PlyCount "74"]
[EventDate "2021.07.17"]
[EventType "swiss (rapid)"]
[EventRounds "9"]
[EventCountry "POL"]
[SourceTitle "CBM 203 Extra"]
[Source "ChessBase"]
[SourceDate "2021.09.30"]
[SourceVersion "1"]
[SourceVersionDate "2021.09.30"]
[SourceQuality "1"]

1. d4 g6 2. e4 Bg7 3. Be3 d6 4. c4 c5 5. Ne2 Nc6 6. Nbc3 cxd4 7. Nxd4 Nf6 8. f3 0-0 9. Qd2 Nxd4 10. Bxd4 Bd7 11. Be2 a5 12. 0-0 Bc6 13. Rac1 Nd7 14. Be3 Nc5 15. Rfd1 Qb6 16. Bf1 Rfc8 17. Rc2 Qb4 18. Nd5 Bxd5 19. cxd5 Na4 20. a3 Qb3 21. Rdc1 Rxc2 22. Rxc2 Nxb2 23. Bg5 Re8 24. Bxe7 Na4 25. Bxd6 Qb6+ 26. Kh1 Qxd6 27. Bb5 Ra8 28. Bxa4 Qxa3 29. Rc4 b5 30. Bxb5 Qb3 31. Rc5 a4 32. Qc2 Qb4 33. Rc8+ Rxc8 34. Qxc8+ Bf8 35. Bf1 a3 36. Qa8 Qb1 37. Qa6 a2 0-1

[Event "Katowice POL-HUN blitz 8th"]
[Site "Katowice"]
[Date "2020.09.12"]
[Round "5.5"]
[White "Flak, Pawel"]
[Black "Jakubowski, Krzysztof"]
[Result "0-1"]
[WhiteElo "2189"]
[BlackElo "2481"]
[PlyCount "67"]
[EventDate "2020.09.12"]
[EventType "swiss (blitz)"]
[EventRounds "13"]
[EventCountry "POL"]
[SourceTitle "CBM 198 Extra"]
[Source "ChessBase"]
[SourceDate "2020.11.30"]
[SourceVersion "1"]
[SourceVersionDate "2020.11.30"]
[SourceQuality "1"]

1. d4 Nf6 2. c4 e6 3. Nf3 d5 4. g3 Bb4+ 5. Bd2 Be7 6. Bg2 0-0 7. 0-0 c6 8. Qc2 Nbd7 9. Bf4 Ne4 10. Nfd2 g5 11. Be3 Nd6 12. f3 f5 13. c5 Nf7 14. f4 Nf6 15. Nf3 h6 16. Ne5 Kh7 17. Nxf7 Rxf7 18. Bc1 Qg8 19. Kh1 Nh5 20. Bf3 Qg6 21. e3 Bd7 22. Nc3 Rg8 23. Bd2 gxf4 24. exf4 Rfg7 25. Be1 Nf6 26. Qe2 Ne4 27. Bh5 Qf6 28. Rd1 Be8 29. Bf3 Qg6 30. Rg1 h5 31. Nxe4 fxe4 32. Bg2 Qh6 33. Bh3 h4 34. Qg2 0-1

[Event "Katowice POL-HUN blitz 8th"]
[Site "Katowice"]
[Date "2020.09.12"]
[Round "11.6"]
[White "Flak, Pawel"]
[Black "Krasenkow, Michal"]
[Result "1-0"]
[WhiteElo "2189"]
[BlackElo "2605"]
[PlyCount "99"]
[EventDate "2020.09.12"]
[EventType "swiss (blitz)"]
[EventRounds "13"]
[EventCountry "POL"]
[SourceTitle "CBM 198 Extra"]
[Source "ChessBase"]
[SourceDate "2020.11.30"]
[SourceVersion "1"]
[SourceVersionDate "2020.11.30"]
[SourceQuality "1"]

1. d4 d5 2. Nf3 c6 3. g3 Nf6 4. Bg2 Bf5 5. 0-0 h6 6. c4 e6 7. Qb3 Qb6 8. c5 Qxb3 9. axb3 Nbd7 10. b4 a6 11. Nbd2 Be7 12. Nb3 Bd8 13. Na5 Bxa5 14. bxa5 Ne4 15. h3 e5 16. e3 g5 17. g4 Bg6 18. b4 exd4 19. Nxd4 h5 20. f3 Nef6 21. Bb2 Ke7 22. f4 hxg4 23. fxg5 Ne4 24. Nf5+ Bxf5 25. Rxf5 Ng3 26. Rf2 Rh4 27. Kh2 Nh5 28. Rf5 gxh3 29. Bxh3 Rxb4 30. Bd4 Rg8 31. Raf1 Rf8 32. Bg4 Rxd4 33. exd4 Ng7 34. Re1+ Kd8 35. Rf3 f5 36. gxf6 Nxf6 37. Kg2 Nge8 38. Bf5 Rg8+ 39. Kf2 Ng4+ 40. Bxg4 Rxg4 41. Rf8 Re4 42. Rxe4 dxe4 43. Ke3 Kd7 44. Kxe4 Ke7 45. Rh8 Nf6+ 46. Kf5 Nd7 47. Rh7+ Kd8 48. Rg7 Kc8 49. Ke6 Nb8 50. Kd6 1-0

[Event "Katowice POL-HUN blitz 8th"]
[Site "Katowice"]
[Date "2020.09.12"]
[Round "8.4"]
[White "Miton, Kamil"]
[Black "Flak, Pawel"]
[Result "1-0"]
[WhiteElo "2590"]
[BlackElo "2189"]
[PlyCount "65"]
[EventDate "2020.09.12"]
[EventType "swiss (blitz)"]
[EventRounds "13"]
[EventCountry "POL"]
[SourceTitle "CBM 198 Extra"]
[Source "ChessBase"]
[SourceDate "2020.11.30"]
[SourceVersion "1"]
[SourceVersionDate "2020.11.30"]
[SourceQuality "1"]

1. d4 b6 2. Nf3 Bb7 3. g3 Nf6 4. Bg2 e6 5. c4 Be7 6. 0-0 0-0 7. Re1 d6 8. d5 e5 9. e4 Nbd7 10. Nc3 a5 11. b3 Ne8 12. Be3 g6 13. Bh6 Ng7 14. Bc1 Ne8 15. Bh6 Ng7 16. Qd2 Nc5 17. Rab1 Bc8 18. a3 f6 19. b4 axb4 20. axb4 Nd7 21. Ra1 Bb7 22. Bh3 Re8 23. Rxa8 Bxa8 24. Ra1 Nf8 25. Nb5 Qb8 26. Qa2 c5 27. dxc6 Bxc6 28. c5+ d5 29. exd5 Bxb5 30. d6+ Kh8 31. Qf7 Nfe6 32. dxe7 Rg8 33. Bxe6 1-0